Które miasto w Polsce? - Statystyki

Ogólne statystyki
  • Ten quiz został rozwiązany 669 razy
    666 od ostatniego zresetowania
  • Średni wynik to 11 z 16
Statystyki odpowiedzi
Opis Litera Miasto % Poprawnych
Stolica W Warszawa
99%
Drugie największe miasto w Polsce K Kraków
96%
Stolica polskich Tatr Z Zakopane
96%
Najludniejsze miasto leżące nad morzem G Gdańsk
95%
Stolica woj. warmińsko-mazurskiego O Olsztyn
93%
Stolica województwa podlaskiego B Białystok
92%
Drugie najstarsze miasto w Polsce, stolica woj. dolnośląskiego W Wrocław
89%
Polski biegun zimna S Suwałki
76%
Miasto na prawach powiatu w woj. podkarpackim, oznaczające również maszynę/rzecz K Krosno
64%
Miasto znane z wyrobów porcelanowych w woj. świętokrzyskim Ć Ćmielów
59%
Polski biegun ciepła T Tarnów
54%
Miasta na prawach powiatu graniczące z innym państwem Ś Świnoujście
53%
Miasta na prawach powiatu graniczące z innym państwem J Jelenia Góra
51%
Miasta na prawach powiatu graniczące z innym państwem J Jastrzębie-Zdrój
38%
Najstarsze miasto w Polsce Z Złotoryja
32%
Najmniejsze miasto w Polsce O Opatowiec
19%
Nie znaleziono quizów pasujących do podanych kryteriów
Rozkład punktacji
Procent ludzi z każdym wynikiem
Percentyl według liczby udzielonych odpowiedzi
Twoja historia wyników
Nie rozwiązałeś tego quizu od ostatniego zresetowania